Szczegóły MARC21

Informator o egzaminie gimnazjalnym w 2002 r.

003 -Nazwa inst., której nr kontr. jest w polu 001 [,]
    • @
    • Nazwa instytucji, której n kontrolny jest w polu 001
    • NUKAT
005 -DATA I CZAS OSTATNIEJ MODYFIKACJI [,]
    • @
    • pole kontrolne
    • 20241231110223.0
020 -Międzynarod. znormalizowany nr książki - ISBN [ , ]
    • a
    • Numer ISBN
    • 838856420X Find
040 -Instytucja sporządzająca opis [ , ]
    • a
    • Instytucja, która sporządziła opis (NP)
    • SIEDL 001/EC
    • c
    • Instytucja, która sporządziła rekord (NP)
    • SIEDL 001/EC
    • d
    • Instytucja, która zmodyfikowała rekord (P)
    • KIEL 010/DNs
942 -Rodzaj dokumentu [ , ]
    • c
    • Rodzaj dokumentu
    • Książka
245 -Strefa tytułu i oznaczenia odpowiedzialności [0,0]
    • a
    • Tytuł
    • Informator o egzaminie gimnazjalnym w 2002 r. Find
246 -Wariant tytułu [1,4]
    • a
    • Tytuł (NP)
    • Informator - egzamin klasa trzecia gimnazjum, 2002 rok
260 -Strefa adresu wydawniczego [ , ]
    • a
    • Miejsce wydania (P)
    • Warszawa :
    • b
    • Nazwa wydawcy (P)
    • Oficyna Wydawniczo-Poligraficzna "Adam",
    • c
    • Data wydania (P)
    • 2000.
300 -Strefa opisu fizycznego [ , ]
    • a
    • Określenie formy książki i/lub objętość (NP)
    • 99, [1] s. :
    • b
    • Oznaczenie ilustracji (NP)
    • il. ;
    • c
    • Format (NP)
    • 29 cm.
336 -Typ zawartości [ , ]
    • a
    • Termin opisujący typ zawartości
    • Tekst
    • b
    • Kod określający zawartość
    • txt
    • 2
    • Źródło (terminu i kodu)
    • rdacontent
337 -Typ mediów [ , ]
    • a
    • Tryb odtwarzania
    • Bez urządzenia pośredniczącego
    • b
    • Kod typu mediów
    • n
    • 2
    • Źródło (terminu i kodu)
    • rdamedia
338 -Typ/rodzaj nośnika [ , ]
    • a
    • Hasło opisujące typ nośnika
    • Wolumin
    • b
    • Kod typu nośnika
    • nc
    • 2
    • Źródło (terminu i kodu)
    • rdacarrier
500 -Uwaga ogólna [ , ]
    • a
    • Uwaga ogólna (NP)
    • Informator opracowany przez okręgowe komisje egzaminacyjne w porozumieniu z Centralną Komisją Egzaminacyjną w Warszawie.
080 -Uniwersalna Klasyfikacja Dziesiętna [ , ]
    • a
    • Symbol klasyfikacji
    • 371.26/.27(438)"2002"
080 -Uniwersalna Klasyfikacja Dziesiętna [ , ]
    • a
    • Symbol klasyfikacji
    • :373.5(438)"2002"
650 -Hasło przedmiotowe [ ,7]
    • a
    • Hasło przedmiotowe
    • Gimnazja
    • x
    • Określnik rzeczowy
    • egzaminy.
    • 2
    • Źródło terminu
    • kaba
    • 9
    • KHW
    • 629887
650 -Hasło przedmiotowe [ ,7]
    • a
    • Hasło przedmiotowe
    • Gimnazja
    • z
    • Określnik geograficzny
    • Polska
    • x
    • Określnik rzeczowy
    • egzaminy.
    • 2
    • Źródło terminu
    • kaba
    • 9
    • KHW
    • 661244
980 -Symbol UKD [ , ]
    • a
    • UKD
    • 371.26/.27:373.5](438)"2002"
710 -Hasło dodatkowe - nazwa ciała zbiorowego [2, ]
    • a
    • Nazwa ciała zbiorowego lub nazwa geograficzna jako pierwszy element (NP)
    • Oficyna Wydawniczo-Poligraficzna i Reklamowo-Handlowa "Adam".
    • 4
    • Kod relacji
    • pbl
    • 9
    • KHW
    • 88444
920 -ISBN [ , ]
    • a
    • ISBN
    • 83-88564-20-X Find
Lokalizacja Data inwentaryzacji Status udost. Numer inwentarzowy
BG2000-05-181Pd.13179